000 00417nam a2200169Ia 4500
008 230711s9999||||xx |||||||||||||| ||und||
041 _aENG
082 _a5
_bST-P
100 _aStevens,W.Richard
245 0 _aAdvanced programming in the unix environment
250 _a2nd Ed.
260 _c2007
_aNew Delhi
_bPearson
300 _a921
650 _aComputer Engineering
700 _aRago,stephen A
942 _cBK
999 _c4576
_d4576